00483nam a2200193 a 4500001001300000003000900013005001700022008004100039020001000080082001600090100001500106245004800121260002800169300000900197500003500206505001000241650002300251700001500274nice12345678IN_TiNIC20260116013028.0050524s1988 enga grp 000 0 eng  ac10000a181.07bQAD aQadir, C A aPhilosophy and Science in the Islamic World aEngland bNo Pub c1988 a218p aincludes index and biblioraphy2 aindex aPhilosophy-Islamic1 aQadir, C A